000
00238 a2200097 4500
001
32484
100
_a
Ghandari, Mohammad
245
_a
Video Coding; an introduction to standerd codecs
260
_a
UK
_b
IEE
_c
1999
090
_c
21758
_d
21758
942
_a
NUST-CAE
_c
M
_c
13067
999
_c
267557
_d
267557